Online Catalogue and eLibrary

Penkalukana aikiya naadukal thasaptam : (Record no. 1843)

MARC details
000 -LEADER
fixed length control field 00278nam a2200097Ia 4500
008 - FIXED-LENGTH DATA ELEMENTS--GENERAL INFORMATION
fixed length control field 240331s9999 xx 000 0 und d
082 ## - DDC Classification
Item Number - Author Mark PEN
100 ## - MAIN ENTRY--PERSONAL NAME
Personal name Cenwor. ed
245 #0 - TITLE STATEMENT
Title Penkalukana aikiya naadukal thasaptam :
Remainder of title illankayilulla penkalin munettramum sathanaikalum
942 ## - Koha item type (Biblio)
Koha item type Books in Stacks (Lending)
Holdings
Lost status Damaged status Collection code Home library Current library Shelving location Date acquired Full call number Accession Number Item type
    Lending WERC Library WERC Library Social Science Cupboard 03/31/2024 305.409 PEN 822 Books in Stacks (Lending)

© WERC Library